Länder der Raum Reisenden - Statistiken

Allgemein
  • Dieses Quiz wurde 182 mal gespielt
  • Das Durchschnittsergebnis liegt bei 22 aus 35
Antwortstatistiken
No. Land im Weltraum % Korrekt
11 Deutschland
99%
118 Sovietunion / Rußland
99%
337 Vereinigte Staaten
99%
11 Japan
96%
11 China
95%
9 Kanada
93%
10 Frankreich
90%
1 Spanien
89%
2 Vereinigtes Königreich
87%
7 Italien
86%
1 Brasilien
83%
1 Indien
83%
1 Schweden
83%
1 Mexiko
80%
1 Polen
73%
1 Südkorea
71%
1 Schweiz
70%
1 Österreich
69%
2 Niederlande
66%
2 Belgien
61%
1 Ukraine
60%
1 Dänemark
59%
1 Südafrika
50%
1 Ungarn
42%
2 Bulgarien
38%
1 Israel
38%
1 Kasachstan
38%
1 Saudi-Arabien
38%
1 Rumänien
36%
1 Slowakei
30%
1 Kuba
21%
1 Tschechoslowakei
13%
1 Malaysia
12%
1 Afghanistan
11%
1 Syrien
8%
Keine übereinstimmenden Quizze gefunden
Verteilung der Resultate
Anzahl Personen mit jedem Resultat
Perzentil nach korrekt beantworteten Fragen
Ihre Resultats-Entwicklung
Sie haben dieses Quiz noch nicht gespielt